00653 2200229 4500001002100000005001500021008000500036020002200041035002400063082000800087084001400095100001800109245008500127260002900212300004300241504003100284650003600315700002400351990001600375990001600391990001600407YOGYA00000000009997420140823124849 ind a978-979-29-2792-4 0010-111300000000084 a510 a510 Kho P aKHOE YAO TUNG aPintar matematika SMA kelas XII IPA/cKhoe Yao Tung; editor, Fl. Sigit Suyantoro aYogyakarta:bAndi,c2012 aXII, 464 hlm.:bilus.;c23 cm.( 3 eks) aBibliografi : hlm. 461-464 aMatematika-studi dan pengajaran aSigit Suyantoro, Fl a2973/B.2013 a2974/B.2013 a2975/B.2013